| 000 | 00821nam a22002057a 4500 | ||
|---|---|---|---|
| 001 | 86221 | ||
| 003 | BD-RjUL | ||
| 005 | 20260226100424.0 | ||
| 008 | 260226s1893 ii ||||| |||| 00| 0 urd d | ||
| 035 | _a(BD-RjUL)86221 | ||
| 040 |
_aBD-RjUL _beng _cBD-RjUL |
||
| 041 | _aurd | ||
| 082 |
_223 _a297..092 _bNUS 195? |
||
| 100 |
_aنعمانى., شبلى Nuʻmānī., Shiblī _d1857-1914 _917806 |
||
| 245 |
_aسىرۃ النعمان : ىعنى امام اعظم ابو حنىفہ علیہ رحمۃ کى سوانح عمرى / Sīrat al-Nu'mān : yaʻnī Imām Aʻz̤am Abū Ḥanīfah ʻalaih raḥmatah kī savāniḥ ʻumrī / _c مولانا شبلی نعمانى.Shiblī Nuʻmānī., |
||
| 260 |
_aLahore : _c195?? |
||
| 300 |
_a398 p. ; _c17 cm |
||
| 650 |
_aفقہ اسلامی (حنفی) _917807 |
||
| 942 |
_2ddc _cBK |
||
| 999 |
_c86221 _d86221 |
||